[Event "Reykjavik Open 2015"]
[Site "Reykjavik, "]
[Date "2015.03.11"]
[Round "2.100"]
[White "Korning, Peter"]
[Black "Einarsson, Oskar Long"]
[Result "1-0"]
[WhiteElo "1944"]
[BlackElo "1574"]
[PlyCount "85"]
[EventDate "2015.03.10"]

1. e4 c5 2. d4 cxd4 3. c3 Nf6 4. e5 Nd5 5. Qxd4 e6 6. Bc4 Nc6 7. Qe4 Nb6 8. Bb3
d6 9. exd6 Qxd6 10. Nf3 g6 11. Bf4 Qc5 12. Nbd2 Bg7 13. O-O O-O 14. Rad1 Na5
15. Be3 Qc7 16. Qh4 Nxb3 17. axb3 Nd5 18. Bh6 b6 19. Ne4 f5 20. Bxg7 Qxg7 21.
Nd6 Bb7 22. Rfe1 Nf6 23. Nxb7 Qxb7 24. Rxe6 Qf7 25. Red6 Rae8 26. Qc4 Qxc4 27.
bxc4 Rc8 28. Ne5 Kg7 29. Nd7 Rf7 30. Nxf6 Rxf6 31. Rd7+ Rf7 32. Rxf7+ Kxf7 33.
Rd7+ Kf6 34. Rxa7 h5 35. Ra6 Rxc4 36. Rxb6+ Kg5 37. g3 h4 38. Rb4 Rxb4 39. cxb4
hxg3 40. fxg3 Kf6 41. Kf2 Ke5 42. h4 Kd5 43. Ke3 1-0

[Event "Reykjavik Open 2015"]
[Site "Reykjavik, "]
[Date "2015.03.11"]
[Round "2.102"]
[White "Fivelstad, Jon Olav"]
[Black "Magnusdottir, Veronika Steinun"]
[Result "0-1"]
[WhiteElo "1929"]
[BlackElo "1571"]
[PlyCount "81"]
[EventDate "2015.03.10"]

1. c4 c6 2. d4 d5 3. Nc3 Nf6 4. Nf3 e6 5. Bf4 dxc4 6. e4 Bb4 7. Qc2 Qa5 8. Bd2
b5 9. a3 Bf8 10. e5 Nfd7 11. Ne4 Qc7 12. b3 cxb3 13. Qxb3 a6 14. Bb4 c5 15.
dxc5 Nxe5 16. Nd6+ Bxd6 17. cxd6 Nxf3+ 18. Qxf3 Qb7 19. Qg3 f6 20. Bd3 Nc6 21.
Be4 Kf7 22. O-O Bd7 23. Ba5 Qa7 24. Bc7 Rac8 25. Rac1 Ne5 26. Kh1 Nc4 27. Rcd1
g6 28. h4 Rcg8 29. Kg1 h5 30. Bd8 Qc5 31. Be7 g5 32. Rfe1 gxh4 33. Qxh4 Rg5 34.
Kh1 Rhg8 35. f4 R5g6 36. f5 Rg5 37. Bxf6 Kxf6 38. Bd5 exd5 39. Re6+ Bxe6 40.
fxe6 Kxe6 41. Re1+ 0-1

[Event "Reykjavik Open 2015"]
[Site "Reykjavik, "]
[Date "2015.03.11"]
[Round "2.104"]
[White "Stefansson, Vignir Vatnar"]
[Black "Babijczuk, Wojciech"]
[Result "1-0"]
[WhiteElo "1909"]
[BlackElo "1549"]
[PlyCount "135"]
[EventDate "2015.03.10"]

1. d4 g6 2. c4 Bg7 3. Nc3 Nf6 4. e4 d6 5. Nf3 c6 6. Be2 O-O 7. O-O b6 8. h3 Bb7
9. Be3 Nbd7 10. e5 Ne8 11. e6 fxe6 12. Ng5 Nc7 13. Bg4 Rf5 14. Bxf5 exf5 15. c5
d5 16. cxb6 axb6 17. f4 h6 18. Nf3 Ne6 19. Re1 Qc7 20. Qd2 Kh7 21. Rac1 Qd6 22.
Ne5 Nxe5 23. fxe5 Qd7 24. b4 c5 25. b5 c4 26. a4 Rf8 27. Rf1 Rf7 28. g4 Qe8 29.
Rf2 Nf8 30. Rcf1 e6 31. Kh2 Qe7 32. g5 h5 33. Qb2 Nd7 34. Ra1 Qd8 35. a5 bxa5
36. Qa3 Qc7 37. Qxa5 Qxa5 38. Rxa5 Nxe5 39. Na4 Nd3 40. Nc5 Nxf2 41. Bxf2 e5
42. b6 exd4 43. Nxb7 Rxb7 44. Ra7 Be5+ 45. Bg3 f4 46. Rxb7+ Kg8 47. Be1 d3 48.
Rd7 d2 49. Bxd2 f3+ 50. Kh1 f2 51. Kg2 c3 52. Bxc3 Bxc3 53. b7 f1=Q+ 54. Kxf1
Be5 55. Rxd5 Bf4 56. Rd8+ Kf7 57. b8=Q Bxb8 58. Rxb8 Ke6 59. Rb5 Kd6 60. Ke2
Ke6 61. Kd3 Kd6 62. Ke4 Ke6 63. Rb6+ Kf7 64. Ke5 Ke7 65. Rb7+ Kd8 66. h4 Ke8
67. Kd6 Kd8 68. Rb8# 1-0

[Event "Reykjavik Open 2015"]
[Site "Reykjavik, "]
[Date "2015.03.11"]
[Round "2.107"]
[White "Chadwick, Susan E"]
[Black "Sandberg, Martin"]
[Result "0-1"]
[WhiteElo "1370"]
[BlackElo "1889"]
[PlyCount "94"]
[EventDate "2015.03.10"]

1. d4 Nf6 2. Nf3 e6 3. e3 b6 4. Bd3 Bb7 5. Nbd2 c5 6. b3 d5 7. O-O Be7 8. Ne5
O-O 9. Bb2 Nc6 10. f4 Rc8 11. a3 Nxe5 12. fxe5 Ne4 13. Nxe4 dxe4 14. Bc4 a6 15.
a4 Qc7 16. Qe2 cxd4 17. exd4 b5 18. axb5 axb5 19. Bxb5 Qxc2 20. Qxc2 Rxc2 21.
Ba3 e3 22. Rfe1 Rxg2+ 23. Kf1 Bxa3 24. Rxa3 f6 25. Rxe3 fxe5+ 26. Ke1 Rc8 27.
Bc4 Bd5 28. Rxe5 Bxc4 29. bxc4 Rxc4 30. Re2 Rxe2+ 31. Kxe2 Rc2+ 32. Ke3 Rxh2
33. Ra7 h5 34. Re7 Rh1 35. Kf4 Rd1 36. Ke5 h4 37. Rxe6 Re1+ 38. Kd6 Rxe6+ 39.
Kxe6 h3 40. d5 h2 41. d6 h1=Q 42. d7 Qe4+ 43. Kd6 Qf4+ 44. Kc6 Qb8 45. Kd5 Qd8
46. Kd6 Kf7 47. Kc6 Ke7 0-1

[Event "Reykjavik Open 2015"]
[Site "Reykjavik, "]
[Date "2015.03.11"]
[Round "2.108"]
[White "Valdimarsson, Einar"]
[Black "Finnsson, Johann Arnar"]
[Result "1-0"]
[WhiteElo "1889"]
[BlackElo "1491"]
[PlyCount "71"]
[EventDate "2015.03.10"]

1. g4 d6 2. g5 Nc6 3. d4 e5 4. d5 Nb8 5. e4 f5 6. Nc3 f4 7. Nf3 Bg4 8. Rg1 Bd7
9. Nb5 a6 10. Na3 h6 11. Nxe5 hxg5 12. Ng4 Nf6 13. h3 Nxe4 14. Bd3 Qe7 15. Qe2
Nf6 16. f3 Qxe2+ 17. Kxe2 Rxh3 18. Nf2 Rh4 19. Rxg5 c6 20. c4 Nh5 21. Rxh5 Rxh5
22. Bg6+ Ke7 23. Bxh5 g5 24. Bd2 cxd5 25. cxd5 Bf5 26. Rg1 Bh6 27. Bg4 Bg6 28.
Ne4 Nd7 29. Bb4 Bxe4 30. fxe4 Ne5 31. Bc3 b5 32. Bxe5 dxe5 33. Rh1 Rh8 34. Nc2
Rh7 35. Nb4 Rh8 36. Nxa6 1-0

[Event "Reykjavik Open 2015"]
[Site "Reykjavik, "]
[Date "2015.03.11"]
[Round "2.109"]
[White "Sigurdarson, Alec Elias"]
[Black "Kenney, David"]
[Result "0-1"]
[WhiteElo "1348"]
[BlackElo "1885"]
[PlyCount "54"]
[EventDate "2015.03.10"]

1. e4 c5 2. Nf3 a6 3. c4 d6 4. d4 cxd4 5. Nxd4 Nf6 6. Nc3 g6 7. Be2 Bg7 8. Be3
O-O 9. f3 Nc6 10. Qd2 Nxd4 11. Bxd4 Bd7 12. O-O-O Rc8 13. g4 b5 14. cxb5 axb5
15. Kb1 b4 16. Nd5 Nxd5 17. exd5 Qa5 18. Bxg7 Kxg7 19. a3 Rb8 20. Rc1 Rb7 21.
Rc4 Rfb8 22. Rxb4 Rxb4 23. axb4 Rxb4 24. Qc3+ f6 25. Kc2 Ba4+ 26. Kd2 Qxd5+ 27.
Ke3 Rb3 0-1

[Event "Reykjavik Open 2015"]
[Site "Reykjavik, "]
[Date "2015.03.11"]
[Round "2.110"]
[White "Mai, Aron Thor"]
[Black "Kolka, Dawid"]
[Result "0-1"]
[WhiteElo "1320"]
[BlackElo "1875"]
[PlyCount "74"]
[EventDate "2015.03.10"]

1. e4 c6 2. d4 d5 3. e5 Bf5 4. Ne2 e6 5. Ng3 Bg6 6. h4 h6 7. h5 Bh7 8. Bd3 Bxd3
9. cxd3 Nd7 10. Qg4 c5 11. O-O cxd4 12. f4 Ne7 13. Nd2 Qb6 14. Nf3 g6 15. Nh4
Rg8 16. Qe2 Nf5 17. Ngxf5 gxf5 18. Bd2 Bc5 19. b4 Be7 20. Nf3 f6 21. a4 a5 22.
bxa5 Qa6 23. Nxd4 Bc5 24. Be3 Qa7 25. Qf2 fxe5 26. fxe5 Nxe5 27. Nxf5 Nxd3 28.
Nd6+ Ke7 29. Bxc5 Qxc5 30. Qxc5 Nxc5 31. Nb5 Rxa5 32. Rfc1 b6 33. Nd4 Rxa4 34.
Rab1 Rxd4 35. Rxb6 Rc4 36. Ra1 Rc2 37. Ra7+ Kf6 0-1

[Event "Reykjavik Open 2015"]
[Site "Reykjavik, "]
[Date "2015.03.11"]
[Round "2.111"]
[White "Nordquelle, Daniel"]
[Black "Kravchuk, Mykhaylo"]
[Result "1-0"]
[WhiteElo "1874"]
[BlackElo "1475"]
[PlyCount "57"]
[EventDate "2015.03.10"]

1. e4 e5 2. Nf3 Nf6 3. Nc3 Nc6 4. Bc4 Bc5 5. d3 h6 6. Be3 Bb6 7. O-O d6 8. h3
O-O 9. Bxb6 axb6 10. Nd2 Be6 11. f4 exf4 12. Rxf4 Ne5 13. Bb3 Ng6 14. Rf1 Nh7
15. Nf3 Ng5 16. Nd4 Nxh3+ 17. gxh3 Bxh3 18. Rf2 Qg5+ 19. Kh1 Nf4 20. Qf3 Bg2+
21. Rxg2 Nxg2 22. Qxg2 Qxg2+ 23. Kxg2 g6 24. Nd5 c6 25. Nxb6 Ra5 26. Nf3 Re8
27. Nc4 Rh5 28. Nxd6 Re7 29. Rf1 1-0

[Event "Reykjavik Open 2015"]
[Site "Reykjavik, "]
[Date "2015.03.11"]
[Round "2.112"]
[White "Magnusson, Thorsteinn"]
[Black "Milvang, Otto"]
[Result "0-1"]
[WhiteElo "1301"]
[BlackElo "1872"]
[PlyCount "82"]
[EventDate "2015.03.10"]

1. c4 f5 2. g3 Nf6 3. Bg2 e6 4. Nc3 c6 5. Nf3 d5 6. b3 Bd6 7. Bb2 O-O 8. O-O e5
9. cxd5 cxd5 10. Nb5 Nc6 11. Rc1 Bb8 12. d4 e4 13. Ne5 Nxe5 14. dxe5 Ng4 15.
Ba3 Rf7 16. Nd6 Bxd6 17. Qxd5 Bc7 18. Rfd1 Qxd5 19. Rxd5 Be6 20. Rdc5 Bb6 21.
Rb5 Bxf2+ 22. Kf1 Bd4 23. Bh3 Bxe5 24. Bxg4 fxg4+ 25. Kg2 Bd4 26. Rd1 Bb6 27.
Re5 Bd7 28. Rf1 Rxf1 29. Kxf1 Bc6 30. Rg5 Rd8 31. Ke1 e3 32. Bb2 g6 33. Rxg4
Bg2 34. Rg5 Rd2 35. Bc1 Rxa2 36. Re5 Ra1 37. Kd1 Bf1 38. Re8+ Kf7 39. Rc8 Ra2
40. Rc3 Bxe2+ 41. Ke1 Ba5 0-1

[Event "Reykjavik Open 2015"]
[Site "Reykjavik, "]
[Date "2015.03.11"]
[Round "2.113"]
[White "Meier, Gerd"]
[Black "Sigurvaldason, Hjalmar"]
[Result "1-0"]
[WhiteElo "1868"]
[BlackElo "1450"]
[PlyCount "59"]
[EventDate "2015.03.10"]

1. e4 e6 2. d4 d5 3. e5 c5 4. Nf3 cxd4 5. Bd3 Nc6 6. O-O f6 7. Bf4 fxe5 8. Nxe5
Nxe5 9. Bxe5 Nf6 10. a3 Bd6 11. Bxd4 Bd7 12. f4 O-O 13. Kh1 Qc7 14. g3 Rae8 15.
Nc3 a6 16. Qd2 e5 17. fxe5 Bxe5 18. Bxe5 Qxe5 19. Rae1 Qc7 20. Rxe8 Bxe8 21.
Qf4 Qe7 22. Qd4 Bc6 23. Kg1 Qe8 24. b4 Qh5 25. Be2 Qh3 26. Rf4 Qe6 27. Qf2 Re8
28. Rd4 Ne4 29. Nxe4 dxe4 30. Bc4 1-0

[Event "Reykjavik Open 2015"]
[Site "Reykjavik, "]
[Date "2015.03.11"]
[Round "2.115"]
[White "Johansen, Lars"]
[Black "Starosciak, Adrian"]
[Result "1-0"]
[WhiteElo "1855"]
[BlackElo "1304"]
[PlyCount "93"]
[EventDate "2015.03.10"]

1. d4 d5 2. c4 e6 3. Nc3 Bb4 4. e3 Nf6 5. Bd3 O-O 6. Nge2 b6 7. a3 Bd6 8. Ng3
Bb7 9. cxd5 exd5 10. O-O Nbd7 11. Nf5 Re8 12. Nxd6 cxd6 13. Nb5 Nf8 14. Bd2 Ng6
15. Bb4 Re6 16. Bf5 Ba6 17. Qa4 Bxb5 18. Qxb5 Re8 19. Rac1 Nh4 20. Bb1 Rc8 21.
Rxc8 Qxc8 22. Bxd6 Qe6 23. Bg3 Nf5 24. Rc1 Rc8 25. Qf1 h5 26. Rc3 h4 27. Bxf5
Qxf5 28. Bxh4 Rxc3 29. bxc3 g5 30. Bg3 Ne4 31. Qc1 Qe6 32. f3 Nf6 33. Kf2 g4
34. Qd1 Qc8 35. Qd3 Kg7 36. Be5 gxf3 37. Bxf6+ Kxf6 38. Kxf3 Qh8 39. h3 Qh5+
40. Kf2 Qh4+ 41. Kf1 Ke6 42. Qe2 Qe7 43. Qg4+ Kd6 44. Ke2 Kc6 45. a4 Qa3 46.
Qc8+ Kd6 47. Qf8+ 1-0

[Event "Reykjavik Open 2015"]
[Site "Reykjavik, "]
[Date "2015.03.11"]
[Round "2.119"]
[White "Andersen, Dag"]
[Black "Davidsson, Stefan Orri"]
[Result "1-0"]
[WhiteElo "1843"]
[BlackElo "1038"]
[PlyCount "113"]
[EventDate "2015.03.10"]

1. d4 e6 2. c4 d5 3. Nc3 Nf6 4. cxd5 exd5 5. Bg5 Bb4 6. Qc2 h6 7. Bh4 Nc6 8. e3
g5 9. Bg3 Ne7 10. Bd3 Be6 11. Nge2 Nd7 12. a3 Bxc3+ 13. Nxc3 Nb6 14. Nb5 Kd7
15. Nxc7 Rc8 16. Bb5+ Nc6 17. Bxc6+ bxc6 18. Nxe6 Kxe6 19. O-O f5 20. Rfe1 h5
21. f3 h4 22. Be5 Rh7 23. g4 hxg3 24. Bxg3 Qf6 25. Qc5 Kf7 26. Re2 Kg6 27. Be5
Qe7 28. Qxe7 Rxe7 29. b3 Nd7 30. Bd6 Re6 31. Bb4 Rce8 32. Rae1 Nf6 33. Bc5 a6
34. Bb4 f4 35. Kf2 Kh5 36. exf4 Rxe2+ 37. Rxe2 Rxe2+ 38. Kxe2 gxf4 39. Bd6 Kg5
40. Kd3 Nh5 41. Kc3 Kf6 42. Kb4 Ke6 43. Be5 Kd7 44. Ka5 Kc8 45. Kxa6 c5 46.
dxc5 d4 47. Bxd4 Kc7 48. Be5+ Kc6 49. b4 Kd5 50. Bh8 Ng3 51. Kb7 Nf5 52. Bf6
Kc4 53. Be5 Kb3 54. c6 Ne7 55. c7 Kxa3 56. Bd6 Nf5 57. Bc5 1-0

[Event "Reykjavik Open2015"]
[Site "Harpa"]
[Date "2015.03.11"]
[Round "2.2"]
[White "Navara, David"]
[Black "Nguyen, Thai Dai Van"]
[Result "1-0"]
[WhiteElo "2736"]
[BlackElo "2338"]
[PlyCount "63"]
[EventDate "2015.??.??"]
[TimeControl "6000+820"]
[WhiteClock "0:50:03"]
[BlackClock "0:06:05"]

1. Nf3 Nf6 2. c4 e6 3. g3 d5 4. Bg2 Be7 5. d4 O-O 6. Qc2 b6 7. cxd5 exd5 8. O-O
Bb7 9. Nc3 Nbd7 10. Rd1 c5 11. dxc5 bxc5 12. Nh4 Nb6 13. Nf5 g6 14. Nxe7+ Qxe7
15. Bg5 Rad8 16. a4 Qe5 17. Bxf6 Qxf6 18. a5 Nc4 19. Bxd5 Nxb2 20. Ne4 Qe5 21.
f4 Qg7 22. Bxb7 Nxd1 23. Rxd1 Rxd1+ 24. Qxd1 c4 25. Qd5 Qb2 26. Kf2 c3 27. Nf6+
Kh8 28. Qd6 Rg8 29. Qe5 Qxb7 30. Ne8+ f6 31. Qxf6+ Rg7 32. Qxc3 1-0

[Event "Reykjavik Open2015"]
[Site "Harpa"]
[Date "2015.03.11"]
[Round "2.4"]
[White "Melkumyan, Hrant"]
[Black "Rosner, Jonas"]
[Result "1/2-1/2"]
[WhiteElo "2676"]
[BlackElo "2324"]
[PlyCount "92"]
[EventDate "2015.??.??"]
[TimeControl "6000+1495"]
[WhiteClock "0:05:17"]
[BlackClock "0:14:54"]

1. d4 d5 2. c4 c6 3. Nf3 Nf6 4. Nc3 dxc4 5. a4 Bf5 6. e3 e6 7. Bxc4 Bb4 8. O-O
O-O 9. Qe2 Nbd7 10. Rd1 Bg4 11. e4 Bh5 12. Bf4 Qa5 13. Na2 Rac8 14. Nxb4 Qxb4
15. b3 Rfe8 16. h3 e5 17. Bh2 exd4 18. Rxd4 Qc3 19. Rad1 Nb6 20. g4 Bg6 21. Be5
Nxc4 22. bxc4 Qa5 23. Bxf6 gxf6 24. Nd2 Qxa4 25. f3 f5 26. Nf1 fxe4 27. f4 f6
28. Ne3 Qa3 29. Rd6 Kg7 30. h4 h6 31. h5 Bh7 32. Qf2 Rf8 33. Rd7+ Rf7 34. Rxf7+
Kxf7 35. Rd7+ Kg8 36. Qd2 Rf8 37. Rxb7 Qd3 38. Qxd3 exd3 39. Rxa7 Be4 40. Rd7
Ra8 41. g5 f5 42. Rd6 Ra1+ 43. Kf2 Ra2+ 44. Kf1 Ra1+ 45. Kf2 Ra2+ 46. Kf1 Ra1+
1/2-1/2

[Event "Reykjavik Open2015"]
[Site "Harpa"]
[Date "2015.03.11"]
[Round "2.5"]
[White "Bisby, Daniel L"]
[Black "Movsesian, Sergei"]
[Result "1-0"]
[WhiteElo "2321"]
[BlackElo "2665"]
[PlyCount "61"]
[EventDate "2015.??.??"]
[TimeControl "6000+645"]
[WhiteClock "0:12:27"]
[BlackClock "0:11:33"]

1. e4 c5 2. Nf3 e6 3. d3 d5 4. Qe2 Ne7 5. g3 b6 6. Bg2 Bb7 7. O-O Nbc6 8. e5 h6
9. h4 g6 10. c3 Bg7 11. Na3 Ba6 12. Re1 Qd7 13. Rb1 Nf5 14. g4 Nfe7 15. b4 Nd8
16. bxc5 bxc5 17. c4 h5 18. gxh5 Rxh5 19. Nb5 Nf5 20. d4 cxd4 21. cxd5 Kf8 22.
d6 Rb8 23. a4 Nxh4 24. Nxh4 Rxh4 25. Bg5 d3 26. Qxd3 Rxa4 27. Qh3 Kg8 28. Nc7
Rxb1 29. Rxb1 Bxe5 30. Nd5 Ra5 31. Bf6 1-0

[Event "Reykjavik Open2015"]
[Site "Harpa"]
[Date "2015.03.11"]
[Round "2.6"]
[White "Antal, Tibor Kende"]
[Black "Granda Zuniga, Julio E"]
[Result "1/2-1/2"]
[WhiteElo "2317"]
[BlackElo "2646"]
[PlyCount "201"]
[EventDate "2015.??.??"]
[TimeControl "6000+1980"]
[WhiteClock "0:02:05"]
[BlackClock "0:03:06"]

1. e4 c5 2. Nf3 e6 3. c3 Nf6 4. e5 Nd5 5. d4 cxd4 6. cxd4 Nc6 7. Bc4 d6 8. O-O
dxe5 9. dxe5 Nb6 10. Be2 Bd7 11. Nc3 Be7 12. Be3 O-O 13. Rc1 Qb8 14. Bxb6 axb6
15. Bd3 Rd8 16. Qe2 Nb4 17. Bb1 Bc6 18. a3 Bxf3 19. Qxf3 Nc6 20. Qe4 g6 21. f4
Rd2 22. Rc2 Qd8 23. Rxd2 Qxd2 24. Qe2 Qd4+ 25. Qf2 Bc5 26. Ne4 Qxf2+ 27. Nxf2
Rd8 28. b4 Be3 29. g3 Rd2 30. Kg2 Nd4 31. Be4 b5 32. Bxb7 Kf8 33. Be4 Ke7 34.
h3 h5 35. Bf3 Kd7 36. h4 Ra2 37. Be4 Ke7 38. Bb1 Rxa3 39. Rd1 Rb3 40. Nd3 Nf5
41. Bc2 Ra3 42. Ne1 Ra2 43. Kh3 Bg1 44. Rd2 Nd4 45. Rg2 Be3 46. Be4 Ra3 47. Kh2
Ra4 48. Nd3 Kf8 49. Rb2 Ra1 50. Kg2 Kg7 51. Nf2 Kf8 52. Nd3 Ke7 53. Kh2 Kd8 54.
Kg2 Kc7 55. Kh2 Kb6 56. Kg2 Rg1+ 57. Kh2 Rd1 58. Kh3 Nf5 59. Rc2 Ne7 60. Kg2
Ra1 61. Kf3 Bd4 62. Nc5 Ra3+ 63. Kg2 Bxc5 64. bxc5+ Kc7 65. Rb2 Re3 66. Ba8 Nf5
67. Rxb5 Rxg3+ 68. Kh2 Ra3 69. Be4 Ra7 70. Kh3 Ne7 71. Rb6 Nf5 72. Rb3 Nd4 73.
Rb4 Ne2 74. Bh1 Kc8 75. Bc6 Rc7 76. Be8 Nc3 77. c6 Ra7 78. Rb7 Rxb7 79. cxb7+
Kxb7 80. Bxf7 Ne2 81. Kg2 Nxf4+ 82. Kf3 Nd3 83. Ke4 Nf2+ 84. Ke3 Ng4+ 85. Kf4
Kc7 86. Bxe6 Nf2 87. Kg5 Kd8 88. Kxg6 Ke7 89. Bf5 Ng4 90. e6 Ne5+ 91. Kg5 Nf3+
92. Kxh5 Kf6 93. Bh3 Kg7 94. Bg2 Nd4 95. e7 Kf7 96. Bd5+ Kxe7 97. Kg5 Nf3+ 98.
Bxf3 Kf7 99. Kh6 Kg8 100. Bd5+ Kh8 101. Bf7 1/2-1/2

[Event "Reykjavik Open2015"]
[Site "Harpa"]
[Date "2015.03.11"]
[Round "2.7"]
[White "Jones, Gawain C B"]
[Black "Gislason, Gudmundur"]
[Result "1-0"]
[WhiteElo "2642"]
[BlackElo "2321"]
[PlyCount "69"]
[EventDate "2015.??.??"]

1. e4 g6 2. d4 Bg7 3. Nc3 d6 4. Be3 a6 5. Qd2 b5 6. h4 h5 7. Nh3 Bxh3 8. Rxh3
Nd7 9. a4 b4 10. Nd5 a5 11. Bc4 c6 12. Nf4 Ngf6 13. f3 d5 14. Bb3 e6 15. Qd3
Qe7 16. e5 Ng8 17. O-O-O Nb6 18. g4 Bh6 19. gxh5 Bxf4 20. Bxf4 Rxh5 21. Bg5 Qb7
22. Rh2 Ne7 23. Kb1 Nf5 24. c3 bxc3 25. Qxc3 Kd7 26. Ka2 Kc7 27. Bc2 Nc8 28.
Bxf5 gxf5 29. Rc1 Ra6 30. b3 Kb8 31. Qd3 Rb6 32. Rc5 Qa6 33. Qc3 Qf1 34. Rxc6
Rxc6 35. Qxc6 1-0

[Event "Reykjavik Open2015"]
[Site "Harpa"]
[Date "2015.03.11"]
[Round "2.8"]
[White "Ni, Shiqun"]
[Black "Naroditsky, Daniel"]
[Result "1/2-1/2"]
[WhiteElo "2315"]
[BlackElo "2633"]
[PlyCount "60"]
[EventDate "2015.??.??"]

1. e4 e5 2. Nf3 Nc6 3. Nc3 Nf6 4. d4 exd4 5. Nxd4 Bb4 6. Nxc6 bxc6 7. Bd3 O-O
8. O-O d5 9. exd5 cxd5 10. h3 c6 11. Qf3 Bd6 12. Bf4 Rb8 13. b3 Rb4 14. Bxd6
Qxd6 15. Qg3 Qxg3 16. fxg3 Be6 17. g4 Nd7 18. Rae1 Re8 19. Na4 Rbb8 20. Rf2 f6
21. Rfe2 Ne5 22. Nc5 Bf7 23. Kf2 Re7 24. a3 Rbe8 25. b4 Bg6 26. Ba6 Kf7 27. Nb3
Be4 28. Nc5 Bg6 29. Nb3 Be4 30. Nc5 Bg6 1/2-1/2

[Event "Reykjavik Open2015"]
[Site "Harpa"]
[Date "2015.03.11"]
[Round "2.9"]
[White "Gupta, Abhijeet"]
[Black "Hitzler, Philipp"]
[Result "1-0"]
[WhiteElo "2625"]
[BlackElo "2315"]
[PlyCount "41"]
[EventDate "2015.??.??"]
[TimeControl "6000+1325"]
[WhiteClock "0:48:16"]
[BlackClock "0:32:41"]

1. d4 d5 2. c4 c6 3. Nf3 Nf6 4. Nc3 a6 5. g3 b5 6. cxd5 cxd5 7. Bg2 Bb7 8. O-O
Nc6 9. Bg5 Ne4 10. Nxe4 dxe4 11. Nd2 Nxd4 12. Nxe4 Qb6 13. Rc1 Rd8 14. Bf4 Qe6
15. Nc5 Nxe2+ 16. Qxe2 Qxe2 17. Nxb7 e6 18. Bc6+ Ke7 19. Nxd8 Kxd8 20. Rfd1+
Ke7 21. Bg5+ 1-0

[Event "Reykjavik Open2015"]
[Site "Harpa"]
[Date "2015.03.11"]
[Round "2.10"]
[White "Haldorsen, Benjamin"]
[Black "L'ami, Erwin"]
[Result "0-1"]
[WhiteElo "2307"]
[BlackElo "2605"]
[PlyCount "114"]
[EventDate "2015.??.??"]
[TimeControl "6000+12930"]
[WhiteClock "0:01:00"]
[BlackClock "0:19:22"]

1. e4 e6 2. d4 d5 3. Nc3 Bb4 4. Nge2 dxe4 5. a3 Bxc3+ 6. Nxc3 Nc6 7. Bb5 Nge7
8. Be3 O-O 9. Qd2 a6 10. Bxc6 Nxc6 11. Nxe4 b6 12. O-O-O Bb7 13. f3 Qe7 14. Kb1
Rad8 15. Qc3 Rd7 16. h4 f6 17. h5 h6 18. Rhe1 Rfd8 19. Nf2 Qf7 20. f4 Qxh5 21.
g4 Qa5 22. Qb3 Qd5 23. c4 Qf3 24. Qc3 Ne7 25. Rc1 b5 26. Ka1 bxc4 27. Qxc4 Bd5
28. Qxa6 h5 29. gxh5 Nf5 30. Qe2 Qxe2 31. Rxe2 Kf7 32. Nd3 Rh8 33. Nc5 Rd6 34.
Nd3 c6 35. Nb4 Bf3 36. Rf2 Be4 37. Re2 Rxh5 38. d5 cxd5 39. Rc7+ Kg6 40. Bc5
Rd8 41. Nc6 Ra8 42. Re1 Rh4 43. Rg1+ Kh5 44. Ba7 Rxf4 45. b4 d4 46. b5 Bxc6 47.
bxc6 d3 48. Rd7 Rc4 49. c7 Rxa7 50. c8=Q Rxa3+ 51. Kb2 Rxc8 52. Kxa3 g5 53. Kb3
g4 54. Rxd3 e5 55. Rdd1 Kg5 56. Kb2 Nd4 57. Rg3 Rb8+ 0-1

[Event "Reykjavik Open2015"]
[Site "Harpa"]
[Date "2015.03.11"]
[Round "2.12"]
[White "Grandelius, Nils"]
[Black "Mihajlov, Sebastian"]
[Result "1-0"]
[WhiteElo "2603"]
[BlackElo "2308"]
[PlyCount "59"]
[EventDate "2015.??.??"]
[TimeControl "6000+1190"]
[WhiteClock "0:30:56"]
[BlackClock "0:10:41"]

1. d4 d5 2. c4 c6 3. Nc3 Nf6 4. e3 e6 5. Nf3 Nbd7 6. Qc2 Bd6 7. b3 O-O 8. Bb2
Qe7 9. Be2 Re8 10. O-O b6 11. Rad1 Bb7 12. Rfe1 Rad8 13. Bf1 dxc4 14. bxc4 e5
15. g3 exd4 16. exd4 Qf8 17. Bg2 Rxe1+ 18. Rxe1 Re8 19. Rd1 Re7 20. Ng5 h6 21.
Nge4 Bb4 22. d5 cxd5 23. Nxd5 Nxd5 24. cxd5 f5 25. Nc3 Nc5 26. d6 Rf7 27. Nd5
Ba5 28. Ne7+ Kh7 29. Bxb7 Nxb7 30. Nxf5 1-0

[Event "Reykjavik Open2015"]
[Site "Harpa"]
[Date "2015.03.11"]
[Round "2.13"]
[White "Maisuradze, Nino"]
[Black "Fier, Alexandr"]
[Result "0-1"]
[WhiteElo "2302"]
[BlackElo "2601"]
[PlyCount "74"]
[EventDate "2015.??.??"]
[TimeControl "6000+1850"]
[WhiteClock "0:00:38"]
[BlackClock "0:56:48"]

1. d4 d5 2. c4 e6 3. Nc3 c6 4. e3 Nf6 5. Nf3 Nbd7 6. Bd3 dxc4 7. Bxc4 b5 8. Bd3
a6 9. e4 c5 10. e5 cxd4 11. Ne4 Ng4 12. Bf4 Bb4+ 13. Kf1 f5 14. h3 fxe4 15.
Bxe4 Nxf2 16. Kxf2 Ra7 17. Kg3 Nc5 18. Bc6+ Bd7 19. Nxd4 O-O 20. Rf1 Qe8 21. a3
Bxc6 22. Nxc6 Qxc6 23. axb4 Ne4+ 24. Kh2 Raf7 25. Rc1 Qb7 26. Qg4 Rf5 27. Rf3
h5 28. Qg6 Rxf4 29. Rxf4 Rxf4 30. Qxe6+ Kh7 31. Rc6 Qf7 32. Qxf7 Rxf7 33. Rxa6
h4 34. e6 Rf1 35. g4 hxg3+ 36. Kg2 Rf2+ 37. Kh1 Ng5 0-1

[Event "Reykjavik Open2015"]
[Site "Harpa"]
[Date "2015.03.11"]
[Round "2.14"]
[White "Cornette, Matthieu"]
[Black "Mamedjarova, Zeinab"]
[Result "1/2-1/2"]
[WhiteElo "2585"]
[BlackElo "2303"]
[PlyCount "174"]
[EventDate "2015.??.??"]
[TimeControl "6000+2785"]
[WhiteClock "0:05:27"]
[BlackClock "0:03:51"]

1. e4 e5 2. Nf3 d6 3. d4 exd4 4. Nxd4 Nf6 5. Nc3 Be7 6. Bf4 O-O 7. Be2 Re8 8.
Qd2 Bf8 9. f3 Nbd7 10. O-O-O Nc5 11. h3 a6 12. g4 Ne6 13. Bh2 b5 14. g5 b4 15.
Na4 Nxd4 16. Qxd4 Nd7 17. h4 Bb7 18. Qxb4 Rb8 19. Qa5 g6 20. Bc4 Bg7 21. Bb3
Ne5 22. Rhf1 Nc6 23. Qd2 Nd4 24. Bg1 c5 25. Bxd4 cxd4 26. c3 d5 27. cxd4 dxe4
28. fxe4 Rxe4 29. d5 Qd6 30. Kb1 Bc8 31. Nc3 Rxh4 32. Qe1 Rh2 33. Qe8+ Qf8 34.
Qxf8+ Kxf8 35. d6 Bf5+ 36. Rxf5 gxf5 37. Rf1 Bxc3 38. bxc3 Rd2 39. Rxf5 Rb7 40.
Rf6 Rd7 41. Be6 Rb7+ 42. Bb3 Rd5 43. c4 Rxg5 44. Rf2 h5 45. Rc2 Rc5 46. Rd2 Rb8
47. Rd4 Rd8 48. Ba4 h4 49. d7 h3 50. Rh4 Ke7 51. Kb2 h2 52. Kc3 Rg5 53. Rxh2
Rg3+ 54. Kb4 Kd6 55. Rh6+ Rg6 56. Rh5 Kc7 57. Rc5+ Kb7 58. Rf5 Rb6+ 59. Kc3 f6
60. c5 Re6 61. Kd4 Kc7 62. a3 Rh8 63. Rf4 Rh2 64. Kc4 Rd2 65. Kb4 Rd3 66. Rh4
Re5 67. Rh8 Re4+ 68. Ka5 Rxa4+ 69. Kxa4 Rxd7 70. Rf8 Rd4+ 71. Ka5 Kc6 72. Rxf6+
Kxc5 73. Rxa6 Rd3 74. a4 Rb3 75. Rh6 Rb1 76. Ka6 Rb2 77. a5 Rb1 78. Ka7 Rg1 79.
Rh7 Kc6 80. a6 Ra1 81. Rh2 Rb1 82. Rc2+ Kd7 83. Ka8 Kd8 84. a7 Kd7 85. Rh2 Kc7
86. Rc2+ Kd7 87. Rc7+ Kxc7 1/2-1/2

[Event "Reykjavik Open2015"]
[Site "Harpa"]
[Date "2015.03.11"]
[Round "2.16"]
[White "Hansen, Eric"]
[Black "Tjomsland, Stig"]
[Result "1-0"]
[WhiteElo "2566"]
[BlackElo "2300"]
[PlyCount "57"]
[EventDate "2015.??.??"]
[TimeControl "6000+700"]
[WhiteClock "0:32:59"]
[BlackClock "0:24:56"]

1. e4 e5 2. Nf3 Nc6 3. Bb5 Nf6 4. d3 Bc5 5. Nbd2 d6 6. O-O O-O 7. c3 Bg4 8. Re1
Ne7 9. h3 Bh5 10. Nf1 c6 11. Ba4 Bb6 12. Bg5 Nd7 13. Ng3 Bxf3 14. Qxf3 Nc5 15.
Bc2 Ne6 16. Bd2 Qd7 17. Nf5 Rad8 18. a4 a6 19. Rad1 Kh8 20. Bc1 g6 21. d4 gxf5
22. exf5 Nxd4 23. cxd4 Bxd4 24. f6 Ng6 25. Qh5 d5 26. Rxd4 exd4 27. Re7 Rg8 28.
Rxd7 Rxd7 29. Bxg6 1-0

[Event "Reykjavik Open2015"]
[Site "Harpa"]
[Date "2015.03.11"]
[Round "2.17"]
[White "Foisor, Sabina-Francesca"]
[Black "Maze, Sebastien"]
[Result "0-1"]
[WhiteElo "2279"]
[BlackElo "2564"]
[PlyCount "64"]
[EventDate "2015.??.??"]
[TimeControl "6000+1065"]
[WhiteClock "0:00:56"]
[BlackClock "0:22:42"]

1. d4 Nf6 2. c4 g6 3. Nc3 Bg7 4. e4 d6 5. Nf3 O-O 6. Be2 Nbd7 7. Bg5 e5 8. d5
a5 9. Nd2 Nc5 10. h3 Bd7 11. Qc2 c6 12. g4 a4 13. Rb1 cxd5 14. exd5 h6 15. Be3
Ne8 16. h4 f5 17. g5 h5 18. f3 Nc7 19. b4 axb3 20. axb3 e4 21. O-O Qe7 22. f4
Ra3 23. Qc1 Rfa8 24. Nd1 b5 25. cxb5 Nxb5 26. Nc4 Ra2 27. Re1 Nd4 28. Bxd4
Bxd4+ 29. Nde3 Nd3 30. Qd1 Nxe1 31. Qxe1 Bb5 32. Bf1 Bxc4 0-1